| 000 | 01051aam a2200409a 44500 | ||
|---|---|---|---|
| 008 | 190904s2018 cat | ||
| 017 | _aB-4540-2018 | ||
| 020 | _a9788416728060 | ||
| 041 | _acat | ||
| 041 | _beng | ||
| 041 | _bspa | ||
| 080 | _a595.78 | ||
| 100 |
_aVila, Roger _973833 |
||
| 245 | _aGuia de les papallones diürnes de Catalunya | ||
| 245 | _cConstantí Stefanescu | ||
| 245 | _cJosé Manuel Sesma | ||
| 245 | _cRoger Vila | ||
| 260 | _aBellaterra | ||
| 260 | _bLynx | ||
| 260 | _c2018 | ||
| 300 |
_a509 p. _bil. |
||
| 490 | _aDescobrir la Natura. Guies | ||
| 500 | _aLàmines. Glossari. Índexs | ||
| 591 | _a10772 | ||
| 592 | _aObra especialitzada | ||
| 593 | _aDGG | ||
| 594 | _a10772 | ||
| 650 |
_apapallones _967074 |
||
| 700 |
_aSesma, José Manuel _973834 |
||
| 700 |
_aStefanescu, Constantí _973832 |
||
| 830 |
_aDescobrir la Natura. Guies _967486 |
||
| 901 | _c<2018> | ||
| 902 | _a190904 | ||
| 942 |
_cMO _n0 _2ddc |
||
| 999 |
_c67524 _d67524 |
||